[Event "Muensterland Regionalliga playoff 1-4"]
[Site "Germany"]
[Date "2023.03.18"]
[Round "1.5"]
[White "Hoge, Torsten"]
[Black "Bruemmer, Andreas"]
[Result "0-1"]
[WhiteElo "1911"]
[BlackElo "1910"]
[PlyCount "160"]
[EventDate "2022.03.18"]
[EventType "team-k.o."]
[EventRounds "2"]
[EventCountry "GER"]
[SourceTitle "EXT 2024"]
[Source "ChessBase"]
[SourceDate "2023.10.10"]
[SourceVersion "1"]
[SourceVersionDate "2023.10.10"]
[SourceQuality "1"]
[WhiteTeam "Gronau"]
[BlackTeam "Rheine Klein Berlin"]
[WhiteTeamCountry "GER"]
[BlackTeamCountry "GER"]

1. e4 c5 2. Nc3 Nc6 3. Bc4 e6 4. Nf3 a6 5. a4 Nf6 6. d3 d6 7. 0-0 Be7 8. Qe2 0-0 9. h3 Re8 10. Rd1 Bd7 11. Bd2 Rc8 12. Nb1 Qc7 13. c3 h6 14. Na3 Bf8 15. Bb3 e5 16. Nc4 Be6 17. Ba2 Rcd8 18. Ne3 d5 19. Nf1 c4 20. dxc4 dxe4 21. Ne1 Rd7 22. Be3 Red8 23. Rxd7 Rxd7 24. b4 Nh7 25. c5 Nd8 26. Ng3 Nf6 27. Bb1 b6 28. Nxe4 Nxe4 29. Bxe4 bxc5 30. b5 axb5 31. axb5 f5 32. Bc2 Nf7 33. Ra6 Nd6 34. Bc1 e4 35. Rc6 Qa7 36. b6 Qb7 37. Ba4 Bc4 38. Qb2 Nf7 39. Be3 Ne5 40. Rxc5 Bxc5 41. Bxd7 Bxe3 42. Bxf5 Qxb6 43. Qxb6 Bxb6 44. Bxe4 Ba5 45. Nc2 Bxc3 46. Ne3 Bf7 47. g4 Kf8 48. Kg2 Bd4 49. Nc2 Bc5 50. Ne1 Bg6 51. Bb7 Nd3 52. Nxd3 Bxd3 53. f4 Ke7 54. Kf3 Ke6 55. h4 Be7 56. h5 Bc4 57. Ke4 Kf6 58. Kf3 Be6 59. Bc6 Bd6 60. Bb7 Bb3 61. Ke3 Bd1 62. Bc8 Bc5+ 63. Ke4 Bf2 64. Bd7 Bh4 65. Bc8 Bc2+ 66. Ke3 Ke7 67. Kf3 Kd6 68. Ke3 Kc5 69. Be6 Bf6 70. Bc8 Bb3 71. Ke4 Bc2+ 72. Ke3 Kc4 73. Kd2 Be4 74. Ke3 Bd5 75. Bf5 Kc3 76. Be4 Be6 77. Kf3 Kd4 78. Bg6 Bd5+ 79. Ke2 Be4 80. Bf7 Bh4 0-1

[Event "Muensterland Regionalliga Gr2 2223"]
[Site "Germany"]
[Date "2022.09.24"]
[Round "2.4"]
[White "Funke, Reinhard"]
[Black "Hoge, Torsten"]
[Result "1/2-1/2"]
[WhiteElo "2025"]
[BlackElo "1921"]
[PlyCount "87"]
[EventDate "2022.09.03"]
[EventType "team-tourn"]
[EventRounds "5"]
[EventCountry "GER"]
[SourceTitle "EXT 2024"]
[Source "ChessBase"]
[SourceDate "2023.10.10"]
[SourceVersion "1"]
[SourceVersionDate "2023.10.10"]
[SourceQuality "1"]
[WhiteTeam "Suedlohn"]
[BlackTeam "Gronau"]
[WhiteTeamCountry "GER"]
[BlackTeamCountry "GER"]

1. d4 Nf6 2. c4 c5 3. e3 cxd4 4. exd4 g6 5. Nf3 Bg7 6. Be2 0-0 7. 0-0 b6 8. Nc3 Bb7 9. Qc2 d5 10. b3 Nc6 11. Rd1 Rc8 12. Ba3 Re8 13. Qd2 Ne4 14. Qe3 Nxc3 15. Qxc3 e5 16. Rab1 Nxd4 17. Nxd4 exd4 18. Qd2 dxc4 19. Bxc4 Re4 20. Re1 Qd7 21. Rxe4 Bxe4 22. Re1 Re8 23. Rd1 Qg4 24. Bf1 Bb7 25. Re1 Rxe1 26. Qxe1 Qe4 27. Qd1 h5 28. Bc1 Be5 29. Qd3 Qxd3 30. Bxd3 Kg7 31. f4 Bf6 32. Kf2 Kf8 33. f5 gxf5 34. Bxf5 Be5 35. g3 Ke7 36. Bg5+ Kd6 37. Bd3 Bc8 38. Bc1 Bg4 39. Ba3+ Ke6 40. Bf8 Kf6 41. Ke1 Bf3 42. Kf2 Bd1 43. Ke1 Bg4 44. Kf2 1/2-1/2

[Event "Muensterland Regionalliga 1819"]
[Site "Germany"]
[Date "2019.02.02"]
[Round "6.6"]
[White "Hoge, Torsten"]
[Black "Burike, Christian"]
[Result "0-1"]
[WhiteElo "1922"]
[BlackElo "1677"]
[PlyCount "82"]
[EventDate "2018.09.08"]
[EventType "team-tourn"]
[EventRounds "9"]
[EventCountry "GER"]
[SourceTitle "EXT 2020"]
[Source "ChessBase"]
[SourceDate "2019.10.17"]
[SourceVersion "1"]
[SourceVersionDate "2019.10.17"]
[SourceQuality "1"]
[WhiteTeam "Gronau"]
[BlackTeam "Bocholt"]
[WhiteTeamCountry "GER"]
[BlackTeamCountry "GER"]

1. d4 e6 2. Bf4 d5 3. Nf3 Nf6 4. e3 c5 5. c3 Nc6 6. Nbd2 Be7 7. Bd3 0-0 8. h4 c4 9. Bc2 b5 10. a3 a5 11. Be5 Ng4 12. Bxh7+ Kh8 13. Bb1 f5 14. Nf1 Bf6 15. Bf4 Kg8 16. N1h2 Nxh2 17. Rxh2 Qe8 18. Ne5 Nxe5 19. Bxe5 Bd7 20. f4 Qe7 21. Bxf6 Rxf6 22. Bc2 Rff8 23. g3 b4 24. Qc1 bxc3 25. bxc3 Rfb8 26. Rb1 Rxb1 27. Bxb1 Ba4 28. Bc2 Bb3 29. Bxb3 cxb3 30. a4 Qc7 31. Rb2 Qc4 32. Kd2 Qxa4 33. Qb1 Rb8 34. h5 Qc4 35. g4 fxg4 36. h6 Qb5 37. Ke1 a4 38. Rg2 b2 39. Rxg4 Rb7 40. Kf2 a3 41. Qg1 Qd7 0-1

[Event "Muensterland Regionalliga 1718"]
[Site "Germany"]
[Date "2018.06.02"]
[Round "9.7"]
[White "Kamp, Aaron"]
[Black "Hoge, Torsten"]
[Result "1/2-1/2"]
[WhiteElo "1802"]
[BlackElo "1890"]
[PlyCount "98"]
[EventDate "2017.09.02"]
[EventType "team-tourn"]
[EventRounds "9"]
[EventCountry "GER"]
[SourceTitle "EXT 2019"]
[Source "ChessBase"]
[SourceDate "2018.10.10"]
[SourceVersion "1"]
[SourceVersionDate "2018.10.10"]
[SourceQuality "1"]
[WhiteTeam "Muenster SK II"]
[BlackTeam "Gronau"]
[WhiteTeamCountry "GER"]
[BlackTeamCountry "GER"]

1. e4 e6 2. d4 d5 3. e5 c5 4. c3 Nc6 5. Nf3 Qb6 6. Bd3 Bd7 7. dxc5 Qc7 8. 0-0 Bxc5 9. b4 Bb6 10. a4 a6 11. Qe2 Nge7 12. Bb2 Ng6 13. Re1 Nf4 14. Qd2 Nxd3 15. Qxd3 Ne7 16. Nbd2 Rc8 17. Nd4 Ng6 18. N2f3 Qb8 19. g3 Rc4 20. Qe2 0-0 21. Nd2 Rcc8 22. c4 Bc7 23. N4b3 dxc4 24. Nxc4 Bc6 25. Nc5 Rfd8 26. f4 Bd5 27. Ne3 Bb6 28. Rac1 Bc6 29. Nc4 Bxc5+ 30. bxc5 Rd5 31. Nb6 Rcd8 32. Nxd5 Rxd5 33. Qc2 Ne7 34. Rcd1 Qd8 35. Rxd5 Qxd5 36. Rd1 Qh1+ 37. Kf2 Qxh2+ 38. Kf1 Qh1+ 39. Kf2 Qg2+ 40. Ke1 Qxg3+ 41. Qf2 Qxf2+ 42. Kxf2 Nd5 43. a5 g6 44. Rd4 Kg7 45. Bc1 Kf8 46. Bd2 Ke8 47. Kg3 Ne7 48. Kh3 Nf5 49. Rd3 Be4 1/2-1/2

[Event "Muensterland Regionalliga 1718"]
[Site "Germany"]
[Date "2017.09.02"]
[Round "1.8"]
[White "Messelink, Gerrit"]
[Black "Hoge, Torsten"]
[Result "0-1"]
[WhiteElo "1803"]
[BlackElo "1890"]
[PlyCount "108"]
[EventDate "2017.09.02"]
[EventType "team-tourn"]
[EventRounds "9"]
[EventCountry "GER"]
[SourceTitle "EXT 2019"]
[Source "ChessBase"]
[SourceDate "2018.10.10"]
[SourceVersion "1"]
[SourceVersionDate "2018.10.10"]
[SourceQuality "1"]
[WhiteTeam "Ahaus Wessum"]
[BlackTeam "Gronau"]
[WhiteTeamCountry "GER"]
[BlackTeamCountry "GER"]

1. e4 e6 2. d4 d5 3. Nc3 Bb4 4. exd5 exd5 5. Bd3 Ne7 6. Bg5 Nbc6 7. a3 Bxc3+ 8. bxc3 Be6 9. f4 Qd7 10. Nf3 f6 11. Bh4 Bf5 12. 0-0 0-0 13. Bg3 Na5 14. h4 Rae8 15. Kf2 Nc8 16. h5 Nd6 17. Rh1 Nac4 18. Kg1 Be4 19. Bf2 Nb2 20. Qf1 Qf5 21. Ne1 Qxf4 22. Rh4 Qg5 23. Be2 Nbc4 24. g3 Nf5 25. Rg4 Nfe3 26. Rxg5 Nxf1 27. Rg4 Nfe3 28. Rf4 c6 29. Bxe3 Nxe3 30. Kf2 Nxc2 31. Nxc2 Bxc2 32. Rg1 Re4 33. Rxe4 Bxe4 34. c4 h6 35. g4 Re8 36. cxd5 Bxd5 37. Bd3 Kf8 38. Rb1 Re7 39. Bf5 Ke8 40. Rb4 Kd8 41. a4 Kc7 42. Bd3 a5 43. Rb1 Kd6 44. Rb6 Be6 45. Kf3 Kd5 46. Kf4 Kxd4 47. Be4 Bd5 48. Bf5 Kc5 49. Rb2 b5 50. Bd3 b4 51. Kf5 Re5+ 52. Kf4 Kd4 53. Rd2 Kc3 54. Rd1 Bb3 0-1

[Event "Muensterland Regionalliga 1617"]
[Site "Germany"]
[Date "2016.11.19"]
[Round "3.5"]
[White "Langhans, Joerg"]
[Black "Hoge, Torsten"]
[Result "1-0"]
[WhiteElo "1907"]
[BlackElo "1899"]
[PlyCount "79"]
[EventDate "2016.09.17"]
[EventType "team"]
[EventRounds "9"]
[EventCountry "GER"]
[SourceTitle "EXT 2018"]
[Source "ChessBase"]
[SourceDate "2017.10.13"]
[SourceVersion "1"]
[SourceVersionDate "2017.10.13"]
[SourceQuality "1"]
[WhiteTeam "Rheine Klein Berlin"]
[BlackTeam "Gronau"]
[WhiteTeamCountry "GER"]
[BlackTeamCountry "GER"]

1. e4 e6 2. d4 d5 3. Nc3 Bb4 4. exd5 exd5 5. Bd3 Nc6 6. a3 Bxc3+ 7. bxc3 Nge7 8. Qf3 Be6 9. Ne2 Qd7 10. 0-0 Bf5 11. Re1 0-0 12. Rb1 Bxd3 13. Qxd3 b6 14. c4 dxc4 15. Qxc4 Rfe8 16. Bb2 Na5 17. Qd3 Qf5 18. Qd1 Nd5 19. Qd3 Qxd3 20. cxd3 Re6 21. Nc3 Rd8 22. Re4 Nf6 23. Rxe6 fxe6 24. Ne4 Rd5 25. Rc1 c6 26. Kf1 Ng4 27. h3 Nh6 28. g4 Nf7 29. f4 h5 30. Ke2 Kf8 31. Ke3 hxg4 32. hxg4 Nh6 33. Kf3 Ke7 34. Re1 Nb3 35. Ng5 Kd7 36. Nxe6 c5 37. Nxg7 cxd4 38. Rh1 Rd6 39. g5 Ng8 40. Rh7 1-0

[Event "Muensterland Regionalliga 1516"]
[Site "Germany"]
[Date "2016.01.09"]
[Round "5.8"]
[White "Esser, Peter"]
[Black "Hoge, Torsten"]
[Result "0-1"]
[WhiteElo "1749"]
[BlackElo "1919"]
[PlyCount "94"]
[EventDate "2015.09.05"]
[EventType "team"]
[EventRounds "9"]
[EventCountry "GER"]
[SourceTitle "EXT 2017"]
[Source "ChessBase"]
[SourceDate "2016.10.25"]
[SourceVersion "1"]
[SourceVersionDate "2016.10.25"]
[SourceQuality "1"]
[WhiteTeam "Telgte"]
[BlackTeam "Gronau"]
[WhiteTeamCountry "GER"]
[BlackTeamCountry "GER"]

1. d4 e6 2. c4 Nf6 3. Nc3 Bb4 4. a3 Bxc3+ 5. bxc3 b6 6. f3 d5 7. cxd5 exd5 8. e3 0-0 9. Bd3 c5 10. Ne2 Re8 11. 0-0 Ba6 12. Ng3 Bxd3 13. Qxd3 Nc6 14. Ra2 Rc8 15. Re2 Qd7 16. Rd1 cxd4 17. cxd4 Rcd8 18. Bb2 h6 19. h4 Qd6 20. Kf2 g6 21. Nf1 Re6 22. g3 Rde8 23. a4 Qd7 24. Ba3 Na5 25. Qb5 Qb7 26. Nd2 Rc8 27. Bb4 Nc4 28. Nxc4 Rxc4 29. Be1 a6 30. Qb3 Qc6 31. a5 b5 32. Rd3 Qe8 33. Bd2 Kh7 34. Re1 Qd7 35. Kg2 Qc7 36. Rc3 Qxa5 37. Rc2 Qc7 38. Ra2 Rec6 39. Rb1 Ne8 40. Rbb2 Nd6 41. Qd3 Nf5 42. Be1 Rc1 43. Qd2 Rd1 44. Qe2 Rcc1 45. Bf2 Rg1+ 46. Kh2 Rh1+ 47. Kg2 Nxh4+ 0-1

[Event "Muensterland Regionalliga 1314"]
[Site "Germany"]
[Date "2014.05.03"]
[Round "9.3"]
[White "Hoge, Torsten"]
[Black "Lemli, Thomas"]
[Result "1/2-1/2"]
[WhiteElo "1976"]
[BlackElo "1980"]
[PlyCount "28"]
[EventDate "2013.09.07"]
[EventType "team-tourn"]
[EventRounds "9"]
[EventCountry "GER"]
[SourceTitle "EXT 2015"]
[Source "ChessBase"]
[SourceDate "2014.11.20"]
[SourceVersion "1"]
[SourceVersionDate "2014.11.20"]
[SourceQuality "1"]
[WhiteTeam "Gronau"]
[BlackTeam "Emsdetten Rochade"]
[WhiteTeamCountry "GER"]
[BlackTeamCountry "GER"]

1. e4 d6 2. d4 Nf6 3. Nc3 g6 4. Bg5 Bg7 5. Be2 Nbd7 6. Qd2 c6 7. Bh6 Bxh6 8. Qxh6 b5 9. f3 Qb6 10. Qd2 Bb7 11. Nh3 0-0-0 12. a4 b4 13. Na2 c5 14. c3 a5 1/2-1/2

[Event "Muensterland Regionalliga 1314"]
[Site "Germany"]
[Date "2014.03.15"]
[Round "7.3"]
[White "Meyer, Ulrich"]
[Black "Hoge, Torsten"]
[Result "1-0"]
[WhiteElo "1963"]
[BlackElo "1976"]
[PlyCount "39"]
[EventDate "2013.09.07"]
[EventType "team-tourn"]
[EventRounds "9"]
[EventCountry "GER"]
[SourceTitle "EXT 2015"]
[Source "ChessBase"]
[SourceDate "2014.11.20"]
[SourceVersion "1"]
[SourceVersionDate "2014.11.20"]
[SourceQuality "1"]
[WhiteTeam "Sendenhorst"]
[BlackTeam "Gronau"]
[WhiteTeamCountry "GER"]
[BlackTeamCountry "GER"]

1. e4 e6 2. d4 d5 3. e5 c5 4. c3 Bd7 5. Nf3 Qb6 6. Bd3 Bb5 7. dxc5 Bxc5 8. 0-0 Nc6 9. b4 Bf8 10. Be3 Qa6 11. Bxb5 Qxb5 12. a4 Qc4 13. Na3 Qe4 14. Nb5 Kd7 15. Bd4 h5 16. Re1 Qg4 17. Bc5 Rh6 18. h3 Qc4 19. Na3 Qxc3 20. Re3 1-0

[Event "Muensterland Verbandsliga 1213"]
[Site "Germany"]
[Date "2013.01.12"]
[Round "5.3"]
[White "Hoge, Torsten"]
[Black "Luetkehermoelle, Martin"]
[Result "1/2-1/2"]
[WhiteElo "1991"]
[BlackElo "1905"]
[PlyCount "46"]
[EventDate "2012.09.22"]
[EventType "team-tourn"]
[EventRounds "9"]
[EventCountry "GER"]
[SourceTitle "EXT 2015"]
[Source "ChessBase"]
[SourceDate "2014.11.20"]
[SourceVersion "1"]
[SourceVersionDate "2014.11.20"]
[SourceQuality "1"]
[WhiteTeam "Gronau"]
[BlackTeam "Ochtrup"]
[WhiteTeamCountry "GER"]
[BlackTeamCountry "GER"]

1. Nf3 c5 2. e3 Nf6 3. b3 d5 4. Bb2 Bg4 5. h3 Bd7 6. c4 e6 7. Be2 Nc6 8. 0-0 dxc4 9. Bxc4 Bd6 10. d4 Qe7 11. Nc3 a6 12. Rc1 cxd4 13. exd4 b5 14. Be2 Bf4 15. Ra1 Rd8 16. a4 b4 17. Na2 a5 18. Nc1 0-0 19. Nd3 Nd5 20. Nfe5 Nxe5 21. dxe5 Bc6 22. Bf3 Bh6 23. Qe2 Qc7 1/2-1/2

[Event "Muensterland Verbandsliga 1213"]
[Site "Germany"]
[Date "2012.09.22"]
[Round "1.3"]
[White "Stegemann, Norbert"]
[Black "Hoge, Torsten"]
[Result "1/2-1/2"]
[WhiteElo "1977"]
[BlackElo "1991"]
[PlyCount "154"]
[EventDate "2012.09.22"]
[EventType "team-tourn"]
[EventRounds "9"]
[EventCountry "GER"]
[SourceTitle "EXT 2015"]
[Source "ChessBase"]
[SourceDate "2014.11.20"]
[SourceVersion "1"]
[SourceVersionDate "2014.11.20"]
[SourceQuality "1"]
[WhiteTeam "Duelmen"]
[BlackTeam "Gronau"]
[WhiteTeamCountry "GER"]
[BlackTeamCountry "GER"]

1. c4 Nf6 2. g3 e6 3. Bg2 Be7 4. Nf3 0-0 5. 0-0 b6 6. Nc3 Bb7 7. d4 Ne4 8. d5 Nxc3 9. bxc3 Bf6 10. Bf4 exd5 11. cxd5 d6 12. Rc1 Nd7 13. c4 Re8 14. Re1 Nc5 15. Nd4 Qd7 16. e4 g6 17. h4 Re7 18. Kh2 Rae8 19. Bh3 Qa4 20. Qxa4 Nxa4 21. Be3 Nc5 22. Red1 Nxe4 23. h5 Bg5 24. hxg6 hxg6 25. Bxg5 Nxg5 26. Kg2 a6 27. Bg4 Nh7 28. Rd2 Nf6 29. Bf3 Re1 30. Rxe1 Rxe1 31. Re2 Rxe2 32. Nxe2 Nd7 33. Nc3 Nc5 34. Be2 Bc8 35. Kf3 Kg7 36. Ke3 Bd7 37. Kd4 Kf6 38. Ne4+ Nxe4 39. Kxe4 a5 40. a3 g5 41. f4 Ba4 42. Bd3 Bd7 43. Kd4 Bf5 44. Be2 Bb1 45. Bg4 Kg6 46. Ke3 gxf4+ 47. gxf4 Bf5 48. Be2 Bh3 49. Kf3 Bd7 50. Bd3+ Kh5 51. Kg3 c6 52. dxc6 Bxc6 53. Be2+ Kg6 54. Bd3+ Kf6 55. Kf2 Ke6 56. Ke3 d5 57. Kd4 Kd6 58. cxd5 Bxd5 59. Bb5 Bb7 60. Bc4 f6 61. Bb5 Ke6 62. Bd3 Bc6 63. Bc2 Kd6 64. Bd3 Bd7 65. Be4 Bb5 66. Bf5 Bf1 67. Be4 b5 68. Bd5 Be2 69. Bb3 Bf3 70. Bf7 Bd1 71. Bg8 b4 72. axb4 axb4 73. Kc4 b3 74. Kc3 Kc5 75. Bf7 Bc2 76. Be6 Kd6 77. Bc4 Bd1 1/2-1/2

[Event "Muensterland Verbandsklasse-A 1112"]
[Site "Germany"]
[Date "2012.02.11"]
[Round "6.2"]
[White "Lodde, Martin"]
[Black "Hoge, Torsten"]
[Result "1/2-1/2"]
[WhiteElo "1840"]
[BlackElo "2005"]
[PlyCount "82"]
[EventDate "2011.09.17"]
[EventType "team-tourn"]
[EventRounds "9"]
[EventCountry "GER"]
[SourceTitle "EXT 2013"]
[Source "ChessBase"]
[SourceDate "2012.11.22"]
[SourceVersion "1"]
[SourceVersionDate "2012.11.22"]
[SourceQuality "1"]
[WhiteTeam "Telgte"]
[BlackTeam "Gronau"]
[WhiteTeamCountry "GER"]
[BlackTeamCountry "GER"]

1. Nf3 Nf6 2. g3 b6 3. Bg2 Bb7 4. 0-0 e6 5. d4 Be7 6. b3 0-0 7. Bb2 d6 8. c4 Nbd7 9. Nc3 Ne4 10. Qd3 Nxc3 11. Bxc3 Nf6 12. Nd2 Bxg2 13. Kxg2 d5 14. f3 c5 15. Rad1 Qc7 16. Bb2 Rfd8 17. dxc5 Qxc5 18. Bd4 Qb4 19. Bxf6 Bxf6 20. cxd5 Rxd5 21. Qe4 Qb5 22. Nc4 Rad8 23. Rd3 Rxd3 24. exd3 Qd7 25. Rd1 b5 26. Ne3 Bd4 27. Nc2 Bb6 28. Rd2 Ba5 29. b4 Bb6 30. a3 Qc7 31. d4 Qd7 32. Kf1 h6 33. Ke2 Qd6 34. Qe5 Qc6 35. Qe4 Qc7 36. Qd3 Rd5 37. f4 Qd7 38. Qe4 g6 39. Qd3 h5 40. Qe4 Qd8 41. h4 Qd7 1/2-1/2

[Event "Muensterland Verbandsklasse-A 1112"]
[Site "Germany"]
[Date "2011.12.10"]
[Round "4.3"]
[White "Hoge, Torsten"]
[Black "Bueckers, Bernhard"]
[Result "1/2-1/2"]
[WhiteElo "2005"]
[BlackElo "1763"]
[PlyCount "66"]
[EventDate "2011.09.17"]
[EventType "team-tourn"]
[EventRounds "9"]
[EventCountry "GER"]
[SourceTitle "EXT 2013"]
[Source "ChessBase"]
[SourceDate "2012.11.22"]
[SourceVersion "1"]
[SourceVersionDate "2012.11.22"]
[SourceQuality "1"]
[WhiteTeam "Gronau"]
[BlackTeam "Metelen"]
[WhiteTeamCountry "GER"]
[BlackTeamCountry "GER"]

1. Nf3 d5 2. e3 Nf6 3. b3 g6 4. Bb2 Bg7 5. Be2 0-0 6. 0-0 c5 7. d3 b6 8. Nbd2 Bb7 9. Ne5 Nbd7 10. f4 Qc7 11. Qe1 Nxe5 12. Bxe5 Qd7 13. Qh4 Ne8 14. Bxg7 Nxg7 15. g4 f5 16. g5 e5 17. fxe5 Ne6 18. d4 Qe7 19. Nf3 Rac8 20. c4 f4 21. Rad1 fxe3 22. dxc5 Nf4 23. Nd4 Nxe2+ 24. Nxe2 Qxe5 25. Qg3 Qxg3+ 26. hxg3 dxc4 27. Rxf8+ Rxf8 28. Nf4 cxb3 29. axb3 bxc5 30. Rd3 Re8 31. Rd7 Bc6 32. Rc7 Bb5 33. Nd5 e2 1/2-1/2

[Event "Muensterland Verbandsklasse-A 1011"]
[Site "Germany"]
[Date "2011.01.29"]
[Round "6.2"]
[White "Beutelhoff, Josef"]
[Black "Hoge, Torsten"]
[Result "0-1"]
[WhiteElo "2129"]
[BlackElo "2015"]
[PlyCount "102"]
[EventDate "2010.09.18"]
[EventType "team-tourn"]
[EventRounds "9"]
[EventCountry "GER"]
[SourceTitle "EXT 2012"]
[Source "ChessBase"]
[SourceDate "2011.11.24"]
[SourceVersion "1"]
[SourceVersionDate "2011.11.24"]
[SourceQuality "1"]
[WhiteTeam "Olfen"]
[BlackTeam "Gronau"]
[WhiteTeamCountry "GER"]
[BlackTeamCountry "GER"]

1. d4 Nf6 2. c4 e6 3. Nc3 Bb4 4. Qc2 c5 5. dxc5 Bxc5 6. Nf3 d5 7. cxd5 exd5 8. Bg5 Be6 9. e3 0-0 10. Bd3 h6 11. Bh4 Nc6 12. a3 Rc8 13. 0-0 Be7 14. Rfd1 Qd7 15. Qd2 Rfd8 16. Bb5 Bg4 17. Ne5 Qf5 18. Nxg4 Nxg4 19. Bxe7 Nxe7 20. h3 Ne5 21. Rac1 a6 22. Be2 Rc6 23. e4 Qd7 24. f4 N5g6 25. exd5 Rd6 26. Bf3 Nh4 27. Be4 f5 28. Bb1 Rg6 29. Qf2 Rxg2+ 30. Qxg2 Nxg2 31. Kxg2 Ng6 32. Kf3 Qd6 33. Rd4 Nh4+ 34. Kf2 Qb6 35. Rcd1 Rd6 36. Ke2 Rg6 37. R1d3 Rg2+ 38. Kf1 Qg6 39. Ne2 Qh5 40. Re3 Rh2 41. Ba2 Rh1+ 42. Kf2 Kh7 43. Bc4 Qg6 44. Rg3 Qd6 45. Re3 Rh2+ 46. Kf1 b5 47. Bb3 Rh1+ 48. Kf2 Qg6 49. Rg3 Qf6 50. Rd2 Qb6+ 51. Re3 Rh2+ 0-1

[Event "Muensterland Verbandsklasse-A 1011"]
[Site "Germany"]
[Date "2010.10.09"]
[Round "2.1"]
[White "Busch, Martin"]
[Black "Hoge, Torsten"]
[Result "0-1"]
[WhiteElo "1981"]
[BlackElo "2015"]
[PlyCount "106"]
[EventDate "2010.09.18"]
[EventType "team-tourn"]
[EventRounds "9"]
[EventCountry "GER"]
[SourceTitle "EXT 2012"]
[Source "ChessBase"]
[SourceDate "2011.11.24"]
[SourceVersion "1"]
[SourceVersionDate "2011.11.24"]
[SourceQuality "1"]
[WhiteTeam "Muenster SK III"]
[BlackTeam "Gronau"]
[WhiteTeamCountry "GER"]
[BlackTeamCountry "GER"]

1. d4 Nf6 2. c4 e6 3. Nf3 Bb4+ 4. Nbd2 0-0 5. a3 Be7 6. e3 c5 7. Bd3 d5 8. b3 b6 9. 0-0 Bb7 10. Bb2 Nc6 11. Qe2 Rc8 12. Rfe1 Rc7 13. Rac1 cxd4 14. exd4 Na5 15. Ne5 Ba6 16. Qe3 Nd7 17. Qh3 g6 18. cxd5 Rxc1 19. Rxc1 Nxe5 20. Bxa6 Qxd5 21. Rc7 Bg5 22. Nf1 Nec6 23. b4 Bd8 24. Ne3 Qa2 25. Rd7 Qxb2 26. bxa5 Nxd4 27. Nd1 Qd2 28. Qd3 Qe1+ 29. Qf1 Qe5 30. Rxa7 bxa5 31. Ne3 Qc5 32. Rd7 Bf6 33. a4 Bg7 34. Bc4 Qg5 35. Kh1 Rd8 36. Ra7 Nc6 37. Ra6 Nb4 38. Ra7 Qc5 39. Rb7 Bh6 40. Rb5 Qc7 41. Ng4 Bg7 42. h3 Rd2 43. Ne3 h5 44. Qe1 Rd4 45. Bf1 Bh6 46. g3 Bg7 47. Kh2 h4 48. Bg2 Rd3 49. Rb7 Qe5 50. Qe2 hxg3+ 51. Kh1 Ra3 52. Qf3 Qa1+ 53. Bf1 Qxf1+ 0-1

[Event "Muensterland Verbandsliga 0607"]
[Site "Germany"]
[Date "2006.09.16"]
[Round "1.1"]
[White "Hoge, Torsten"]
[Black "Krumboehmer, Juergen"]
[Result "0-1"]
[WhiteElo "1946"]
[BlackElo "2129"]
[PlyCount "58"]
[EventDate "2006.09.16"]
[EventType "team"]
[EventRounds "9"]
[EventCountry "GER"]
[SourceTitle "EXT 2008"]
[Source "ChessBase"]
[SourceDate "2007.11.25"]
[SourceVersion "1"]
[SourceVersionDate "2007.11.25"]
[SourceQuality "1"]
[WhiteTeam "Gronau"]
[BlackTeam "Heiden"]
[WhiteTeamCountry "GER"]
[BlackTeamCountry "GER"]

1. Nf3 g6 2. d4 Bg7 3. e4 d6 4. Bc4 c6 5. Nc3 b5 6. Be2 Nf6 7. e5 dxe5 8. Nxe5 Be6 9. Bf3 Nd5 10. Ne4 f6 11. Nd3 Nd7 12. 0-0 0-0 13. Qe2 Bf7 14. Rd1 Qc7 15. Nec5 Nxc5 16. Nxc5 e5 17. dxe5 fxe5 18. a4 Qe7 19. Ne4 Nf4 20. Qe1 b4 21. Be3 Bd5 22. Bc5 Qh4 23. Bxb4 Nh3+ 24. Kf1 Bc4+ 25. Rd3 Rxf3 26. g3 Rxd3 27. Kg2 Nf4+ 28. Kg1 Qh3 29. gxf4 Rd4 0-1

[Event "Muensterland Verbandsliga 0506"]
[Site "Germany"]
[Date "2006.03.11"]
[Round "8.1"]
[White "Hoge, Torsten"]
[Black "Ottens, Stephan"]
[Result "0-1"]
[WhiteElo "1930"]
[BlackElo "2231"]
[PlyCount "72"]
[EventDate "2005.08.27"]
[EventType "team"]
[EventRounds "9"]
[EventCountry "GER"]
[SourceTitle "EXT 2006"]
[Source "ChessBase"]
[SourceDate "2005.11.24"]
[SourceVersion "1"]
[SourceVersionDate "2005.11.24"]
[SourceQuality "1"]
[WhiteTeam "Gronau"]
[BlackTeam "Rheine Klein Berlin"]
[WhiteTeamCountry "GER"]
[BlackTeamCountry "GER"]

1. Nf3 c5 2. e3 Nf6 3. b3 g6 4. Bb2 Bg7 5. Be2 0-0 6. 0-0 b6 7. d3 Bb7 8. Nbd2 d6 9. Ng5 e5 10. Bf3 Nc6 11. a4 Ne8 12. a5 Nxa5 13. Bxb7 Nxb7 14. f4 Na5 15. Qg4 h6 16. Ngf3 Nf6 17. Qh3 exf4 18. exf4 Nc6 19. f5 d5 20. fxg6 Qd7 21. Qxd7 Nxd7 22. Bxg7 Kxg7 23. gxf7 Rxf7 24. c3 Re8 25. Rae1 Rfe7 26. Rxe7+ Rxe7 27. Re1 Rxe1+ 28. Nxe1 a5 29. Nef3 Nde5 30. d4 cxd4 31. cxd4 Nxf3+ 32. Nxf3 b5 33. Kf2 a4 34. bxa4 bxa4 35. Ke3 a3 36. Ne1 Nb4 0-1

[Event "Muensterland Verbandsliga 0506"]
[Site "Germany"]
[Date "2005.11.12"]
[Round "4.1"]
[White "Hoge, Torsten"]
[Black "Mueschenich, Stefan"]
[Result "1-0"]
[WhiteElo "1930"]
[BlackElo "2169"]
[PlyCount "78"]
[EventDate "2005.08.27"]
[EventType "team"]
[EventRounds "9"]
[EventCountry "GER"]
[SourceTitle "EXT 2006"]
[Source "ChessBase"]
[SourceDate "2005.11.24"]
[SourceVersion "1"]
[SourceVersionDate "2005.11.24"]
[SourceQuality "1"]
[WhiteTeam "Gronau"]
[BlackTeam "Muenster II"]
[WhiteTeamCountry "GER"]
[BlackTeamCountry "GER"]

1. Nf3 c5 2. b3 Nc6 3. Bb2 d6 4. e3 e5 5. d4 exd4 6. exd4 Bg4 7. Nbd2 Qa5 8. Be2 Nge7 9. 0-0 Qc7 10. Re1 0-0-0 11. Ng5 Bxe2 12. Qxe2 Nf5 13. d5 Ncd4 14. Qd3 h6 15. Nge4 Qd7 16. a4 Nh4 17. Bxd4 cxd4 18. Qxd4 Kb8 19. Ng3 Be7 20. Rad1 f5 21. Re6 Bf6 22. Rxf6 gxf6 23. Qxh4 Qf7 24. c4 Rdg8 25. Nxf5 Rg5 26. Ne3 f5 27. Qf4 Qg6 28. g3 Re8 29. c5 Ka8 30. cxd6 Rd8 31. Rc1 b6 32. Rc6 Qf6 33. Kg2 Qb2 34. Rc2 Qg7 35. b4 Rg6 36. Rc7 Qb2 37. d7 Rgg8 38. d6 Rg4 39. Qf3+ Re4 1-0